000 00377nam a2200145Ia 4500
008 240624s9999 xx 000 0 und d
041 _aeng
082 _a658.007 SAC
100 _aSACHDEVA J K
245 _aBUSINESS RESEARCH METHODOLOGY
250 _a(2nd Revised Edition ed.)
260 _c2011
_aMumbai
_bHimalaya Publishing House
300 _a481 : p.
365 _cRS
_b30
999 _c19510
_d19510